Geometry Dash Demonlist Levels - Sudden Death - Statistics

General Stats
  • This quiz has been taken 95 times
  • The average score is 10 of 33
Answers on the Grid
Answers color-coded by a green-red scale on the quiz's grid according to % correct below.
CHIL
Voltage
KOSETSU
XO
NOMAD
The Golden
Bloodbath
Crimson Clutter
Oblivion
UNKNOWN
Khorne
devoid
Crackhead Circles
Swing Swing
Dolos
Flamewall
Ice cream
Esfera
chrome hearts
Io
Trueffet
cloud
Crimson Planet
Renevant
Henken
Trotil
VOID
Graceful
Dualist
Peaceful
Shardscapes
SUPERHATEMEWORLD
NETWORK
Levigo
CITRA
Phobos
Delta
hot rod
Jigsaw
Waterfall
Red World Rebirth
arcturus
Heliopolis
ORDINARY
Infinite Chaos
Kappaclysm
walter white
dorabaebasic18
Codependence
Congregation
Collab level
MINUSdry
Reanimate
One space
Sevvend Clubstep
Through The Gates
Crowd Control
M A N I X
Spectre
zorin
 
Answer Stats
Answer % Correct
The Golden
70%
CHIL
65%
Flamewall
57%
Oblivion
50%
UNKNOWN
46%
Voltage
46%
KOSETSU
43%
Trueffet
39%
NOMAD
35%
Codependence
33%
Crackhead Circles
33%
Spectre
33%
Swing Swing
30%
Jigsaw
28%
MINUSdry
28%
ORDINARY
28%
Sevvend Clubstep
28%
Through The Gates
28%
arcturus
24%
Esfera
22%
walter white
22%
Waterfall
22%
chrome hearts
20%
Delta
20%
NETWORK
20%
zorin
20%
Graceful
17%
Henken
17%
Infinite Chaos
15%
VOID
13%
Levigo
11%
Dualist
9%
Congregation
4%
No matching quizzes found
Score Distribution
Percent of People with Each Score
Percentile by Number Answered
Your Score History
You have not taken this quiz